header

Plum and Posner's diagnosis of stupor and coma (Record no. 142501)

MARC details
000 -LEADER
fixed length control field 01541nam a2200373Ia 4500
082 04 - DEWEY DECIMAL CLASSIFICATION NUMBER
Classification number 616.849
245 00 - TITLE STATEMENT
Title Plum and Posner's diagnosis of stupor and coma
250 ## - EDITION STATEMENT
Edition statement 4th ed.
260 ## - PUBLICATION, DISTRIBUTION, ETC. (IMPRINT)
Place of publication New York ;
-- Oxford :
Name of publisher Oxford University Press,
Year of publication 2007.
300 ## - PHYSICAL DESCRIPTION
Number of Pages xiv, 401 p. :
Other physical details ill.
490 1# - SERIES STATEMENT
Series statement Contemporary neurology series ;
500 ## - GENERAL NOTE
General note Rev. ed. of: The diagnosis of stupor and coma / Fred Plum, Jerome B. Posner. 3rd ed. c1980.
650 #0 - SUBJECT ADDED ENTRY--TOPICAL TERM
Topical Term Coma
Topical Term Stupor
700 1# - ADDED ENTRY--PERSONAL NAME
Personal name Plum, Fred,
Personal name Plum, Fred,
856 40 - ELECTRONIC LOCATION AND ACCESS
Uniform Resource Identifier http://site.ebrary.com/lib/rucke/Doc?id=10180653

No items available.

© 2026 Rongo University
Contact us: librarian | system librarian | Rongo university